000 00430nam a2200181Ia 4500
999 _c5196
_d5196
020 _a0-8264-6470-X
082 _a001.433 BUR-A
100 _aBurn, Andrew
245 0 _aAnalysing media texts
260 _aLondon
_bContinuum
_c2005
300 _axi, 90
440 _aContinuum research methods series
650 _aMultimedia systems
650 _aResearch
650 _aMethodology
700 _aParker, David
942 _cBK